Statistics for Artists By Songs 2

Click here to take the quiz!

General Stats

  • This quiz has been taken 26 times
  • The average score is 5 of 15

Answer Stats

SongArtist% Correct
Back To BlackAmy Winehouse
68%
YellowColdplay
64%
With Or Without YouU2
55%
Purple HazeJimi Hendrix
50%
CandyRobbie Williams
45%
So GoodB.O.B
36%
Russian RouletteRhianna
36%
We Can Work It OutThe Beatles
36%
Concrete JungleBob Marley
23%
To Much To YoungThe Specials
23%
Many Rivers To CrossJimmy Cliff
18%
The PrinceMadness
18%
Doom And GloomThe Rolling Stones
18%
Monkey ManToots And The Maytals
18%
We Share The Same SkiesThe Cribs
14%

Score Distribution

Percentile by Number Answered

Percent of People with Each Score

Your Score History

You have not taken this quiz